000 00934nam a22002297a 4500
003 UA-OsUOA
001 41945
007 ta
008 20081112b un ||||| |||| 00| 0 ukr d
100 _aЛазарович П.
090 _a94(477).152 (К)
_bЛ17
942 _cBR
040 _aUA-OsUOA
_bukr
_cUA-OsUOA
_dUA-OsUOA
245 _aСоюз Українців Самостійників і українська визвольна справа
_bРеферат П.І. Лазаровича, виголошений на Спільному Зїзді Українського Інституту св. Івана та складових організацій Союзу Українців Самостійників
300 _a32 с.
955 _a4
041 _aukr
080 _a94(477).152 (К)
260 _aВінніпег
_c1951
650 7 _a9 Географія. Біографії. Історія
_2UDC
999 _c440447
_d440447